Miasto w Polsce na "B" - Statystyki

Ogólne statystyki
  • Ten quiz został rozwiązany 53 razy
  • Średni wynik to 5 z 8
Statystyki odpowiedzi
Odpowiedź % Poprawnych
Białystok
98%
Bydgoszcz
92%
Bielsko-Biała
85%
Bytom
81%
Będzin
44%
Bełchatów
33%
Braniewo
17%
Bartoszyce
8%
Nie znaleziono quizów pasujących do podanych kryteriów
Rozkład punktacji
Procent ludzi z każdym wynikiem
Percentyl według liczby udzielonych odpowiedzi
Twoja historia wyników
Nie rozwiązałeś tego quizu